Buddhism in christendom or jesus, the essene. (Record no. 733476)

MARC details
000 -LEADER
fixed length control field 00660nam a2200241Ia 4500
003 - CONTROL NUMBER IDENTIFIER
control field OSt
005 - DATE AND TIME OF LATEST TRANSACTION
control field 20220928105953.0
008 - FIXED-LENGTH DATA ELEMENTS--GENERAL INFORMATION
fixed length control field 220927b |||||||| |||| 00| 0 eng d
037 ## - SOURCE OF ACQUISITION
Terms of availability Textual
040 ## - CATALOGING SOURCE
Original cataloging agency SDCL
Transcribing agency SDCL
Language of cataloging eng
041 ## - LANGUAGE CODE
Source of code eng
Language code of text/sound track or separate title eng
100 ## - MAIN ENTRY--PERSONAL NAME
Personal name Lillie Arthur
9 (RLIN) 417477
245 #0 - TITLE STATEMENT
Title Buddhism in christendom or jesus, the essene.
260 ## - PUBLICATION, DISTRIBUTION, ETC.
Place of publication, distribution, etc. New Delhi
Name of publisher, distributor, etc. Unity Book Service
Date of publication, distribution, etc. 1887
300 ## - PHYSICAL DESCRIPTION
Extent 410p.
Dimensions cm.
490 ## - SERIES STATEMENT
Series statement UBS comparative religion series. 9
942 ## - ADDED ENTRY ELEMENTS (KOHA)
Classification part Q40j6, B7
Koha item type Textual
Source of classification or shelving scheme Colon Classification (CC)
Holdings
Withdrawn status Lost status Damaged status Not for loan Home library Current library Date acquired Total Checkouts Full call number Barcode Date last seen Price effective from Koha item type
        South Campus Library South Campus Library 2022-09-28   Q40j6 B7 SC0855466 2022-09-28 2022-09-28 Textual
Copyright @ Delhi University Library System